| 000 -LEADER |
| fixed length control field |
00496cam a22001337a 4500 |
| 008 - FIXED-LENGTH DATA ELEMENTS--GENERAL INFORMATION |
| fixed length control field |
180718b1966 xxu||||| |||| 00| 0 eng d |
| 082 ## - DEWEY DECIMAL CLASSIFICATION NUMBER |
| Classification number |
H103x54 In2/1964 |
| 100 ## - MAIN ENTRY--PERSONAL NAME |
| Personal name |
India. Joint Committee on the Judges (Inquiry) Bill) |
| 245 ## - TITLE STATEMENT |
| Title |
The Judges (Inquiry) Bill, 1964: Report of the Joint Committee |
| Statement of responsibility, etc. |
by Lok Sabha Secretariat |
| 260 ## - PUBLICATION, DISTRIBUTION, ETC. |
| Place of publication, distribution, etc. |
New Delhi |
| Name of publisher, distributor, etc. |
Lok Sabha Secretariat |
| Date of publication, distribution, etc. |
1966 |
| 300 ## - PHYSICAL DESCRIPTION |
| Extent |
30p. |
| 500 ## - GENERAL NOTE |
| General note |
Chairman: S.V. Krishnamoorthy Rao |
| 700 ## - ADDED ENTRY--PERSONAL NAME |
| Personal name |
Krishnamuoorthy Rao, S.V. ( Chairman) |